| 000 | 00572nam a2200181Ia 4500 | ||
|---|---|---|---|
| 003 | IN-BaIIA | ||
| 008 | 211028s9999 xx 000 0 eng d | ||
| 040 | _cIIA Library | ||
| 080 |
_a058.7(54) _bMUL |
||
| 245 | 0 |
_aHandbook and Director of Industry 1975-76 _cedited by K. Multani |
|
| 260 |
_aBombay _bGiriraj Kumar Agarwal _c1976 |
||
| 300 | _a[various pagings.] | ||
| 650 |
_aDirectory-Industries _910358 |
||
| 650 |
_aHandbooks-Industries _910359 |
||
| 650 | _aNASA Thesaurus | ||
| 700 |
_aMultani, K., ed. _910360 |
||
| 942 | _cBK | ||
| 999 |
_c5972 _d5972 |
||